Antony Martin (Record no. 119619)
[ view plain ]
| 000 -LEADER | |
|---|---|
| fixed length control field | 00394nam a22001337a 4500 |
| 008 - FIXED-LENGTH DATA ELEMENTS--GENERAL INFORMATION | |
| fixed length control field | 140121b xxu||||| |||| 00| 0 eng d |
| 050 ## - LIBRARY OF CONGRESS CALL NUMBER | |
| Classification number | SPC CT783.M379G782 |
| 100 ## - MAIN ENTRY--PERSONAL NAME | |
| Personal name | Gray, Sue et al... |
| 9 (RLIN) | 6832 |
| 245 ## - TITLE STATEMENT | |
| Title | Antony Martin |
| Remainder of title | a celebration of his life |
| Statement of responsibility, etc | Sue Gray |
| 260 ## - PUBLICATION, DISTRIBUTION, ETC. (IMPRINT) | |
| Place of publication, distribution, etc | London |
| Name of publisher, distributor, etc | Private |
| Date of publication, distribution, etc | 1997 |
| 300 ## - PHYSICAL DESCRIPTION | |
| Extent | ix; 181p.; |
| Dimensions | 22cm |
| 600 ## - SUBJECT ADDED ENTRY--PERSONAL NAME | |
| Personal name | Martin, Antony |
| 9 (RLIN) | 6833 |
| 942 ## - ADDED ENTRY ELEMENTS (KOHA) | |
| Source of classification or shelving scheme | Library of Congress Classification |
| Item type | Monograph ( Printed materials) |
| Withdrawn status | Lost status | Source of classification or shelving scheme | Damaged status | Not for loan | Home library | Current library | Date acquired | Total Checkouts | Full call number | Barcode | Date last seen | Price effective from | Koha item type |
|---|---|---|---|---|---|---|---|---|---|---|---|---|---|
| Library of Congress Classification | ARRUPE LIBRARY | ARRUPE LIBRARY | 21/01/2014 | SPC CT783.M379G782 | 464122790 | 10/10/2017 | 21/01/2014 | Monograph ( Printed materials) |